| 000 | 00613nam a22001697a 4500 | ||
|---|---|---|---|
| 003 | MACL | ||
| 005 | 20160723122407.0 | ||
| 008 | 160723b xxu||||| |||| 00| 0 eng d | ||
| 040 | _cMACL | ||
| 041 | _aHindi | ||
| 082 | _a403 MIS | ||
| 100 |
_aमिश्र, रामकुमारी _942192 |
||
| 245 |
_aमुहावरा एवं लोकोक्ति कोश _cरामकुमारी मिश्र |
||
| 260 |
_aनई दिल्ली _bशांति पुस्तक मंदिर _c2015 |
||
| 650 |
_aभाषा विज्ञान _950429 |
||
| 942 |
_2ddc _cHIN |
||
| 999 |
_c54755 _d54755 |
||